书目信息 |
| 题名: |
数学魔法
|
|
| 作者: | 克劳森 著 ;周立彪 译 | |
| 分册: | ||
| 出版信息: | 长沙 湖南科学技术出版社 2010.05 |
|
| 页数: | 366页 | |
| 开本: | 21cm | |
| 丛书名: | 科学天下 | |
| 单 册: | ||
| 中图分类: | O1 | |
| 科图分类: | ||
| 主题词: | 数学--shu xue--普及读物 | |
| 电子资源: | ||
| ISBN: | 978-7-5357-6194-1 | |
| 000 | 01334nam 2200325 450 | |
| 001 | 012011983187 | |
| 005 | 20110802083801.87 | |
| 010 | @a978-7-5357-6194-1@dCNY25.00 | |
| 100 | @a20100627d2010 em y0chiy0120 ea | |
| 101 | 1 | @achi@ceng |
| 102 | @aCN@b430000 | |
| 105 | @aa z 000yy | |
| 106 | @ar | |
| 200 | 1 | @a数学魔法@Ashu xue mo fa@d= Mathematical sorcery@e打开神奇的魔“数”箱@f(美) 卡尔文·克劳森著@F(mei)ka er wen·ke lao sen zhu@g周立彪译@Gzhou li biao yi@zeng |
| 205 | @a第2版 | |
| 210 | @a长沙@c湖南科学技术出版社@d2010.05 | |
| 215 | @a366页@c图@d21cm | |
| 225 | 2 | @a科学天下@Ake xue tian xia@i新观念数学 |
| 305 | @a本书第1版于2005年出版 | |
| 306 | @a湖南科学技术出版社通过台湾博达著作权代理公司获得本书中文简体版中国大陆地区独家出版发行权。 | |
| 330 | @a本书作者是一位对数学很有热情的老师,通过这本书,他要与你分享毕达哥拉斯、笛卡儿、费马、欧拉、凯莱、牛顿、莱布尼兹的智慧,娓娓道出数、方程式、级数、矩阵、微积分的奥秘。 | |
| 410 | 0 | @12001 @a科学天下@i新观念数学 |
| 500 | 10 | @aMathematical sorcery@mChinese |
| 517 | 1 | @a打开神奇的魔“数”箱@Ada kai shen qi de mo"shu"xiang |
| 606 | 0 | @a数学@Ashu xue@j普及读物 |
| 690 | @aO1@v4 | |
| 701 | 1 | @a克劳森@Ake lao sen@g(Clawson, Calvin C.)@4著 |
| 702 | 0 | @a周立彪@Azhou li biao@4译 |
| 801 | 0 | @aCN@bQSSK@c20110802 |
| 905 | @b794434-36@dO1@eK037@f3 | |
| 数学魔法= Mathematical sorcery:打开神奇的魔“数”箱/(美) 卡尔文·克劳森著/周立彪译.-第2版.-长沙:湖南科学技术出版社,2010.05 |
| 366页:图;21cm.-(科学天下.新观念数学) |
| ISBN 978-7-5357-6194-1:CNY25.00 |
| 本书作者是一位对数学很有热情的老师,通过这本书,他要与你分享毕达哥拉斯、笛卡儿、费马、欧拉、凯莱、牛顿、莱布尼兹的智慧,娓娓道出数、方程式、级数、矩阵、微积分的奥秘。 |
| ● |
| 相关链接 |
|
|
|
正题名:数学魔法
索取号:O1/K037
 
预约/预借
| 序号 | 登录号 | 条形码 | 馆藏地/架位号 | 状态 | 备注 |
| 1 | 794434 | 207944340 | 自科库401/401自科库 105排1列4层/ [索取号:O1/K037] | 在馆 | |
| 2 | 794435 | 207944359 | 期刊室512/401自科库 105排1列4层/ [索取号:O1/K037] | 在馆 | |
| 3 | 794436 | 207944368 | 社科二线400B/400B社科库 3排1列1层/ [索取号:O1/K037] | 在馆 |